000 01065cam a22002771 4500
001 e 39000099
003 DLC
005 20260227111228.0
008 790727s1938 lauak s000 0 eng c
010 _ae 39000099
035 _a(OCoLC)5217554
040 _aU.S. Off. of educ. Library
_cLU
_dLU
_dDLC
042 _apremarc
043 _an-us-la
050 0 0 _aL154
_b.B32 no. 373
110 1 _aLouisiana.
_bDepartment of Education.
245 1 2 _aA second manual of health and physical education.
_cPrepared under the direction of Jess W. Hair, state supervisor. Issued by T.H. Harris, state superintendent of education.
260 _a[New Orleans, La.,
_bThos. J. Moran's sons,
_c1938]
300 _ax, 306 p. incl. illus., diagrs., forms.
_c23 cm.
490 0 _aBulletin,
_vno. 373
500 _aAt head of title: State Department of education of Louisiana.
504 _a"Bibliographies": p. 249-282.
650 0 _aPhysical education and training
_zLouisiana.
650 0 _aEducation
_zLouisiana
_xCurricula.
700 1 _aHair, Jess William,
_d1899-1945.
999 _c21646
_d21646